000 01491nam a2200301Ia 4500
001 18128
003 GE_BSU
008 181216s||||||||xx |||||||||||||| ||und||
020 _a978-9941-10-069-7
040 _cGE_BSU
080 _a811.353.31(036)
100 _aჩიქობავა, არნოლდ
245 _aშრომები = Works = Труды. ტ. 3.ჭანურის გრამატიკული ანალიზი ტექსტებითურთ
245 _bჭანური ტექსტები
245 _cრედ. ვ. შენგელია
250 _aარნოლდ ჩიქობავას სახ.ენათმეცნიერების ინ-ტი. ივანე ჯავახიშვილის სახ. თბილისის სახ-ფო უნ-ტი
260 _aთბილისი
260 _bარნოლდ ჩიქობავას ენათმეცნიერების ინ-ტი
260 _c2008
300 _a602გვ.25სმ. 1 ფოტო
520 _aპარალ სათ. ინგლ. და რუს .ენ.
541 _h25ლ.
653 _aქართველური ენები
653 _aჭანური (ლაზური) ენა
653 _aჭანური ტექსტები
653 _aჭანურის გრამატიკული ანალიზი
942 _cBK
999 _c51169
_d51169